000 00437nam a2200181Ia 4500
001 18371
005 20260306171625.0
008 260306s9999||||xx |||||||||||||| ||und||
041 _aESP
082 _a658.4034
_bO85
100 _aOtamendi, F. Javier
_eAUT
245 0 _aDirección sincronizada de operaciones
260 _c2011
300 _a50 páginas :
_c30 cm.
650 _aGEN
654 _aCAN
942 _cLIB
_dJUS
_fJUS
_2ddc
_n
999 _c18371
_d18371